000 00563nam a2200205 a 4500
001 BRCA_6662
005 20190320205539.0
008 121011s1906----gw-#######---#000-0#ger-#
041 _ager
044 _agw
050 4 _aQ171
_b.B64 1906
100 1 _aBolsche, Wilhelm
_d1861-1939
_916359
245 1 0 _aVon Sonnen und Sonnens - Täubchen
_bKosmische Wanderungen
_cvon
260 _aBerlín
_bGeorg Bondi
_c1906
300 _a422 p.
_c22 cm.
500 _aL179
650 1 4 _aCiencias
_vDiscursos, ensayos y conferencias
_916677
902 _aGFM
942 _2lcc
_cB
999 _c6346
_d6346